Городское хозяйство: современная экономико-управленческая парадигма (Запись № 1319520)

Подробности
000 -МАРКЕР
контрольное поле 02491nam0a2200409 4500
001 - ИДЕНТИФИКАТОР ЗАПИСИ
контрольное поле RU\NLR\bibl\1726659
005 - ИДЕНТИФИКАТОР ВЕРСИИ
контрольное поле 20260407141927.0
010 ## - МЕЖДУНАРОДНЫЙ СТАНДАРТНЫЙ НОМЕР КНИГИ (ISBN)
Номер (ISBN) 978-5-9758-1240-7
Тираж 250
021 ## - НОМЕР ГОСУДАРСТВЕННОЙ РЕГИСТРАЦИИ
Код страны Российская Федерация
Номер 2010-101675
Номер Листа государственной регистраци 6871
035 ## - ДРУГИЕ СИСТЕМНЫЕ НОМЕРА
Идентификатор записи (nilc)RSL-KNO-004869288
035 ## - ДРУГИЕ СИСТЕМНЫЕ НОМЕРА
Идентификатор записи (NLR Aleph) 001717627
100 ## - ДАННЫЕ ОБЩЕЙ ОБРАБОТКИ
Данные общей обработки 20101227d2010 |||y0rusy50 ca
101 0# - ЯЗЫК РЕСУРСА
Язык текста, звукозаписи и т.д. русский
102 ## - СТРАНА ПУБЛИКАЦИИ ИЛИ ПРОИЗВОДСТВА
Страна публикации Российская Федерация
105 ## - ПОЛЕ КОДИРОВАННЫХ ДАННЫХ: ТЕКСТОВЫЕ МАТЕРИАЛЫ, МОНОГРАФИЧЕСКИЕ
Кодированные данные о монографическом текстовом документе a |||||||||
200 1# - ЗАГЛАВИЕ И СВЕДЕНИЯ ОБ ОТВЕТСТВЕННОСТИ
Основное заглавие Городское хозяйство: современная экономико-управленческая парадигма
Сведения, относящиеся к заглавию монография
Первые сведения об ответственности [Алтухов П.Л., Гусев С.А., кандидаты экон. наук, доценты, Иванова И.Н., к.с.н., проф. и др.]
Последующие сведения об ответственности под общ. ред. д.с.н., проф. И.Н. Ивановой
-- М-во образования и науки РФ, Гос. образоват. учреждение высш. проф. образования, Рос. гос. гуманит. ун-т, Фил. в г. Саратове
210 ## - ПУБЛИКАЦИЯ, РАСПРОСТРАНЕНИЕ И ДР.
Место издания, распространения и т.д. Саратов
Имя издателя, распространителя и т. д. Российский государственный гуманитарный университет
Дата издания, распространения и т.д. 2010
215 ## - ФИЗИЧЕСКАЯ ХАРАКТЕРИСТИКА
Специфическое обозначение материала и объем 279 с.
Другие сведения о физической характеристике ил.
Размеры 20
300 ## - ОБЩИЕ ПРИМЕЧАНИЯ
Текст примечания Авт. указаны на обороте тит. л.
320 ## - ПРИМЕЧАНИЯ О НАЛИЧИИ В ДОКУМЕНТЕ БИБЛИОГРАФИИ / УКАЗАТЕЛЯ
Текст примечания Библиогр. в конце гл.
606 1# - НАИМЕНОВАНИЕ ТЕМЫ КАК ПРЕДМЕТ
Наименование темы Городское хозяйство
Географический подзаголовок Российская Федерация
Системный номер авторитетной/нормативной записи 2512228
Идентификатор авторитетной/нормативной записи RU\NLR\auth\661489195
686 ## - ИНДЕКСЫ ДРУГИХ КЛАССИФИКАЦИЙ
Индекс У9(2)441.0-21,0
Код системы
686 ## - ИНДЕКСЫ ДРУГИХ КЛАССИФИКАЦИЙ
Индекс У44(2)109
701 #1 - ИМЯ ЛИЦА - АЛЬТЕРНАТИВНАЯ ОТВЕТСТВЕННОСТЬ
Начальный элемент ввода Алтухов
Часть имени, кроме начального элемента ввода П. Л.
Расширение инициалов личного имени Павел Леонидович
Код отношения Автор
701 #1 - ИМЯ ЛИЦА - АЛЬТЕРНАТИВНАЯ ОТВЕТСТВЕННОСТЬ
Код отношения Автор
Материалы, к которым относится поле rus
Графика поля Кириллица
Начальный элемент ввода Гусев
Часть имени, кроме начального элемента ввода С. А.
Дополнения к именам, кроме дат канд. экон. наук
Расширение инициалов личного имени Сергей Аркадьевич
Идентификатор авторитетной/нормативной записи RU\NLR\auth\7754650
Системный номер авторитетной/нормативной записи 37582
701 #1 - ИМЯ ЛИЦА - АЛЬТЕРНАТИВНАЯ ОТВЕТСТВЕННОСТЬ
Код отношения Автор
Материалы, к которым относится поле rus
Графика поля Кириллица
Начальный элемент ввода Иванова
Часть имени, кроме начального элемента ввода И.Н.
Дополнения к именам, кроме дат д-р социол. наук, канд. филос. наук
Расширение инициалов личного имени Ирина Николаевна
Идентификатор авторитетной/нормативной записи RU\NLR\auth\7724263
Системный номер авторитетной/нормативной записи 7314
702 #1 - ИМЯ ЛИЦА - ВТОРИЧНАЯ ОТВЕТСТВЕННОСТЬ
Код отношения Редактор
Материалы, к которым относится поле rus
Графика поля Кириллица
Начальный элемент ввода Иванова
Часть имени, кроме начального элемента ввода И.Н.
Дополнения к именам, кроме дат д-р социол. наук, канд. филос. наук
Расширение инициалов личного имени Ирина Николаевна
Идентификатор авторитетной/нормативной записи RU\NLR\auth\7724263
Системный номер авторитетной/нормативной записи 7314
712 02 - НАИМЕНОВАНИЕ ОРГАНИЗАЦИИ - ВТОРИЧНАЯ ОТВЕТСТВЕННОСТЬ
Код отношения Прочие
Начальный элемент ввода Российский государственный гуманитарный университет
Структурное подразделение Филиал
Идентифицирующий признак Саратов
Идентификатор авторитетной/нормативной записи RU\NLR\AUTH\8810084979
Системный номер авторитетной/нормативной записи 671968
801 #0 - ИСТОЧНИК ЗАПИСИ
Страна Российская Федерация
Организация RuMoRKP
Дата составления 20101227
801 #1 - ИСТОЧНИК ЗАПИСИ
Страна Российская Федерация
Организация RuMoRGB
Дата составления 20101227
801 #2 - ИСТОЧНИК ЗАПИСИ
Страна Российская Федерация
Организация NLR
Дата составления 20110124
Правила каталогизации rcr
830 ## - ОБЩЕЕ ПРИМЕЧАНИЕ, СОСТАВЛЕННОЕ КАТАЛОГИЗАТОРОМ
Текст примечания авт. по ЭК
942 ## - ДОПОЛНИТЕЛЬНЫЕ ЭЛЕМЕНТЫ ЗАПИСИ (АБИС)
Тип экземпляра АБИС Книга
980 ## - КОЛЛЕКЦИЯ
Название коллекции Национальная библиография
980 ## - КОЛЛЕКЦИЯ
Название коллекции НБР
Экземпляры
Тип экземпляра Дата поступления Источник поступления Библиотека постоянного хранения Библиотека текущего хранения Место хранения Шифр хранения Штрих-код Статус экземпляра
Книга 24.01.2011 Обязательный экземпляр РНБ (Московский) РНБ (Московский) Русский книжный фонд: издания с 1957 года 2011-3/1779 1-980335  
Книга 24.01.2011 Обязательный экземпляр РНБ (Московский) РНБ (Московский) Русский книжный фонд: издания с 1957 года 2011-3/1779 3339825